Trudny quiz o państwach#3 - Statystyki

Ogólne statystyki
  • Ten quiz został rozwiązany 19 razy
  • Średni wynik to 4 z 10
Statystyki odpowiedzi
Pytanie Odpwiedź % Poprawnych
Ostatnie alfabetyczne państwo z Europy Wlochy
81%
Z tym państwem Togo ma najkrótszą granicę Burkina Faso
75%
Ten kraj jest nazywany Koreą Północną Afryki Erytrea
44%
Do tego państwa należą Andamany Indie
44%
Na terenie tego dzisiejszego państwa znajdowało się Królestwo Lidii Turcja
38%
Przy granicy tego państwa z innym znajduje się park narodowy Kismaju Somalia
31%
Ten kraj zajmuje piąte miejsce pod względem długości linii brzegowej Filipiny
13%
Najmniejsze państwo nieuznające Watykanu Korea Północna
13%
Do tego pańśtwa należy Wyspa Ptasia Wenezuela
13%
Dywiza tego państwa brzmi "Jedność wzmacnia" Andora
6%
Nie znaleziono quizów pasujących do podanych kryteriów
Rozkład punktacji
Procent ludzi z każdym wynikiem
Percentyl według liczby udzielonych odpowiedzi
Twoja historia wyników
Nie rozwiązałeś tego quizu